Cultural theory and popular culture : (Record no. 252)

000 -LEADER
fixed length control field 00989nam a2200325 a 4500
003 - CONTROL NUMBER IDENTIFIER
control field ALUPE UNIVERSITY
005 - DATE AND TIME OF LATEST TRANSACTION
control field 20210610103111.0
008 - FIXED-LENGTH DATA ELEMENTS--GENERAL INFORMATION
fixed length control field 000621s2001 enkao 001 0 eng d
020 ## - INTERNATIONAL STANDARD BOOK NUMBER
International Standard Book Number 0582423635
040 ## - CATALOGING SOURCE
Transcribing agency DLC
050 #4 - LIBRARY OF CONGRESS CALL NUMBER
Classification number CB19 .S743 2000
050 00 - LIBRARY OF CONGRESS CALL NUMBER
Classification number CB19
Item number .S743 2001
100 1# - MAIN ENTRY--PERSONAL NAME
Personal name Storey, John,
Dates associated with a name 1950-
245 10 - TITLE STATEMENT
Title Cultural theory and popular culture :
Remainder of title an introduction /
Statement of responsibility, etc. John Storey.
250 ## - EDITION STATEMENT
Edition statement 3rd ed.
260 ## - PUBLICATION, DISTRIBUTION, ETC.
Place of publication, distribution, etc. Harlow :
Name of publisher, distributor, etc. Prentice Hall,
Date of publication, distribution, etc. 2001.
300 ## - PHYSICAL DESCRIPTION
Extent x, 237 p. :
Other physical details ill., tables ;
Dimensions 24 cm.
500 ## - GENERAL NOTE
General note Includes bibliographic references and index.
650 #0 - SUBJECT ADDED ENTRY--TOPICAL TERM
Topical term or geographic name entry element Popular culture
General subdivision Philosophy.
650 #0 - SUBJECT ADDED ENTRY--TOPICAL TERM
Topical term or geographic name entry element Culture
General subdivision Philosophy.
650 #0 - SUBJECT ADDED ENTRY--TOPICAL TERM
Topical term or geographic name entry element Popular culture.
942 ## - ADDED ENTRY ELEMENTS (KOHA)
Source of classification or shelving scheme
Koha item type Book
Suppress in OPAC DO
Holdings
Withdrawn status Lost status Source of classification or shelving scheme Damaged status Not for loan Permanent Location Current Location Shelving location Date acquired Total Checkouts Full call number Barcode Date last seen Price effective from Koha item type Public note
          AU LIBRARY AU LIBRARY Open Shelf 10.06.2021   CB19 .S743 2000 28002677 10.06.2021 10.06.2021 Book DO

Powered by Koha